000 00771nam a22002057a 4500
999 _c18848
_d18848
003 AR-CdUCM
008 190515b ||||| |||| 00| 0 spa d
040 _aMUNICIPALIDAD PROVINCIAL DEL CUSCO
_cBIBLIOTECA MUNICIPAL DEL CUSCO
082 _a170 /
_bC31
100 _aCarrel, Alexis
_938190
245 _aLa conducta en la vida /
260 _aBuenos Aires :
_bGuillermo Kraft,
_c1951.
300 _a268 paginas ;
_c20 cm.
505 _aContenido :Desobediencia de las reglas de la vida --Necesidad de obedecer a las leyes naturales --La tres leyes fundamentales de la vida humana --El bien y el mal -- reglas de la conducta ...
650 _aMoral
_94056
650 _aFilosofĂ­a
_9395
650 _aExito
_938634
942 _2ddc
_cLIBROS
945 _arjall
_d2019-05-15